000 00667nam a2200205Ii 4500
003 JO-AjNU
008 230605s9999||||xx |||||||||||||| ||und||
040 _aJO-AjNU
_bara
_erda
_cJO-AjNU
041 _aara
050 1 4 _aDT95.5.A5 1989
100 3 _aعمارة، محمد,
_eauthor
_914591
245 0 0 _aعندما اصبخت مصر عربية: دراسة في المجتمع المصري في العصر الفاطمي
250 _aط2
264 3 1 _aبيروت: دار قتيبة، 1989
300 _a157ص
336 _atext
_btxt
_2rdacontent
337 _aunmediated
_bn
_2rdamedia
338 _avolume
_bnc
_2rdacarrier
650 4 _aمصر- تاريخ
_914592
999 _aA3927
_c7495
_d7495